Itinerario de la Vigen Egeria / [por] Agustín Arce

I tiakina i:
Ngā taipitopito rārangi puna kōrero
Kaituhi matua: Arce, Agustín (autor)
Hōputu: Pukapuka
Rangatū:BAC. Normal ; 416
Ngā marau:
Ngā Tūtohu: Tāpirihia he Tūtohu
Kāore He Tūtohu, Me noho koe te mea tuatahi ki te tūtohu i tēnei pūkete!

MARC

LEADER 00000nam^a2200000^u^4500
001 000535380
005 20250521000000.0
008 060220s1000^^^^^^^^^^^^r^^^^^000^0^spa^d
009 20260310131015.117
035 |a FMI 000000838 
037 |a Acervo Xavier Clavigero 
096 |a 2.1/14/B 
100 |a Arce, Agustín  |e (autor) 
245 1 0 |a Itinerario de la Vigen Egeria / [por] Agustín Arce 
264 |a Madrid : BAC, 1980 
300 |a xxx, 352 : lám., planos 
336 |a texto  |b txt  |2 rdacontenido 
337 |a sin mediación  |b n  |2 rdamedio 
338 |a volumen  |b nc  |2 rdasoporte 
440 |a BAC. Normal ; 416 
597 |a Edición crítica del texto latino, variantes, traducción, planos y notas. 
597 |a (381-384). Constantinopla - Asia menor - Palestina - Sinaí - Egipto - Arabia - Siria 
649 |a XX 
650 |a COLECCION BAC (416) 
910 |a Fondo Francisco Migoya Covarrubias S.J. 
920 |a Impresos - Libros 
930 |a Fondos Especiales 
905 |a 134 
901 |a SBC00245  |b IT2  |c ESP  |u 20250521 
902 |a https://opac.biblio.iteso.mx/vufind/Record/000535380